[Event "MGU-14 Open"]
[Site "Sofia BUL"]
[Date "2010.08.07"]
[Round "2"]
[White "Atamer,T"]
[Black "Bardarov,Georgi"]
[Result "1-0"]
[WhiteElo "1939"]
[BlackElo "1745"]

1.e4 c5 2.Nf3 e6 3.d4 cxd4 4.Nxd4 a6 5.Nc3 Qc7 6.Be2 Nf6 7.Bf3 Nc6 8.Nb3 Bb4
9.Bd2 O-O 10.O-O Ne5 11.a3 Nxf3+ 12.Qxf3 Be7 13.Rfe1 d6 14.Qe2 b5 15.Bf4 Bb7
16.Rad1 Rfd8 17.Rd3 Rd7 18.Red1 Rad8 19.f3 Nh5 20.Be3 Bf6 21.g4 Ng3 22.hxg3 d5
23.Nc5 Qxg3+ 24.Qg2 Qxg2+ 25.Kxg2 Rc7 26.Nxb7 Rxb7 27.exd5 exd5 28.Rxd5  1-0

[Event "14th HZ Open"]
[Site "Vlissingen NED"]
[Date "2010.08.08"]
[Round "3"]
[White "Bollaart,J"]
[Black "Eng,A"]
[Result "0-1"]
[WhiteElo "1881"]
[BlackElo "2086"]

1.e4 c5 2.Nf3 e6 3.d4 cxd4 4.Nxd4 a6 5.Nc3 Qc7 6.g3 b5 7.Bg2 Bb7 8.a3 Nf6
9.O-O b4 10.axb4 Bxb4 11.Bd2 O-O 12.e5 Bxg2 13.exf6 Qb7 14.Qg4 g6 15.Qh4 Rc8
16.Rfe1 Nc6 17.Nxc6 Rxc6 18.Re5 Rac8 19.Ne4 Bxe4 20.Bxb4 Qxb4 21.Rxe4 Qxb2
22.Rae1 Rc5 23.g4 h5 24.gxh5 Rxh5 25.Qf4 Rf5 26.Qh6 Qxf6 27.Rh4 Qg5+  0-1

[Event "14th HZ Open"]
[Site "Vlissingen NED"]
[Date "2010.08.08"]
[Round "3"]
[White "Van Eijk,S"]
[Black "Fedorchuk,S"]
[Result "1-0"]
[WhiteElo "2322"]
[BlackElo "2665"]

1.e4 c5 2.Nf3 e6 3.d4 cxd4 4.Nxd4 a6 5.Nc3 d6 6.Bc4 Ne7 7.O-O Nec6 8.Be3 Be7
9.f4 Nxd4 10.Bxd4 Nc6 11.Bf2 O-O 12.Qf3 b5 13.Bd3 Qc7 14.Kh1 Bb7 15.Qh3 Nb4
16.f5 Nxd3 17.cxd3 b4 18.Nd1 exf5 19.Qxf5 g6 20.Qg4 h5 21.Qh3 d5 22.exd5 Bxd5
23.Ne3 Be6 24.Qf3 Rad8 25.Qe4 Qd6 26.d4 f5 27.Qd3 Kh7 28.Rfe1 Bf6 29.Nc4 Qd5
30.Rac1 Rfe8 31.Red1 Qb7 32.Na5 Qb6 33.Nc4 Qb7 34.Na5 Qb6 35.Nc4 Qb5 36.b3 Bd5
37.Qg3 h4 38.Qc7+ Kh8 39.Nd6 Qe2 40.Qc5 Qxf2 41.Qxd5 h3 42.Nf7+ Kg7 43.Nxd8 Bxd8
44.Rf1 Qxa2 45.Rg1 Bg5 46.Rce1 Rxe1 47.Rxe1 Qf2 48.Rd1 Qe2 49.Qe5+ Qxe5 50.dxe5 hxg2+
51.Kxg2 Bf4 52.Rd7+ Kf8 53.e6 a5 54.Ra7 Bd6 55.h3 Ke8 56.Kf3 g5 57.Rd7 Bh2
58.Rg7 Bd6 59.Rd7  1-0

[Event "Negroponte Open"]
[Site "Chalkis GRE"]
[Date "2010.08.09"]
[Round "1"]
[White "Pap,M"]
[Black "Naoum,S"]
[Result "1-0"]
[WhiteElo "2509"]
[BlackElo "1884"]

1.e4 c5 2.Nf3 e6 3.d4 cxd4 4.Nxd4 a6 5.Nc3 Qc7 6.Bd3 Nf6 7.f4 d6 8.Be3 Be7
9.O-O b5 10.e5 dxe5 11.fxe5 Qxe5 12.Qf3 O-O 13.Rae1 Nd5 14.Bf2 Qc7 15.Nf5 Bf6
16.Nh6+ Kh8 17.Qe4 g6 18.Bd4 Bg7 19.Nxd5 exd5 20.Rxf7 Qc5 21.Rxg7  1-0

[Event "Negroponte Open"]
[Site "Chalkis GRE"]
[Date "2010.08.10"]
[Round "2"]
[White "Mandon,F"]
[Black "Tukhaev,A"]
[Result "1-0"]
[WhiteElo "2202"]
[BlackElo "2518"]

1.e4 c5 2.Nf3 e6 3.d4 cxd4 4.Nxd4 a6 5.Nc3 Qc7 6.Bd3 Bc5 7.Nb3 Be7 8.Be3 Nf6
9.Na4 Nc6 10.Nb6 Rb8 11.O-O O-O 12.f4 d6 13.c3 Nd7 14.Nxc8 Rbxc8 15.Qf3 Rfe8
16.Rad1 b5 17.Qg3 Bf6 18.a3 Ne7 19.Qh3 Ng6 20.g4 e5 21.f5 Nf4 22.Qf3 h6 23.Bb1 Nb6
24.Nd2 Na4 25.Bxf4 exf4 26.e5 dxe5 27.Ne4 Nxb2 28.Rd6 Be7 29.Rxa6 Qb7 30.Nf6+  1-0

[Event "Negroponte Open"]
[Site "Chalkis GRE"]
[Date "2010.08.11"]
[Round "3"]
[White "Kalegin,E"]
[Black "David,Alb"]
[Result "0-1"]
[WhiteElo "2453"]
[BlackElo "2622"]

1.e4 c5 2.Nf3 e6 3.Nc3 a6 4.d4 cxd4 5.Nxd4 Qc7 6.Bd3 Nf6 7.O-O d6 8.f4 Nbd7
9.Kh1 Be7 10.Qf3 b6 11.Bd2 Bb7 12.Rae1 g6 13.Qh3 Nc5 14.b4 Nxd3 15.cxd3 Qd7
16.f5 gxf5 17.exf5 e5 18.Ne6 Rg8 19.Ne4 Bxe4 20.dxe4 fxe6 21.fxe6 Qb7 22.Rf5 Rc8
23.Qf3 Rc4 24.Bg5 Rxg5 25.Rxg5 Qxe4 26.Qd1 Qh4 27.Qd2 Rf4 28.Rg7 Qh6  0-1

[Event "TCh-MKD"]
[Site "Struga MKD"]
[Date "2010.08.12"]
[Round "4"]
[White "Stanojoski,Z"]
[Black "Micov,V"]
[Result "1-0"]
[WhiteElo "2487"]
[BlackElo "2268"]

1.e4 c5 2.Nf3 e6 3.d4 cxd4 4.Nxd4 a6 5.Nc3 Qc7 6.Bd3 Nf6 7.O-O Nc6 8.Nxc6 bxc6
9.f4 d5 10.e5 Nd7 11.Na4 Nc5 12.Nxc5 Bxc5+ 13.Kh1 a5 14.c4 g6 15.Bd2 O-O
16.Rc1 Qa7 17.Qe2 Bd4 18.b3 f5 19.exf6 Bxf6 20.cxd5 cxd5 21.Rc6 Qe7 22.Rfc1 Bd7
23.Rc7 Qd6 24.Bb5 Bc8 25.R1c6 Qa3 26.Rxc8 Raxc8 27.Rxc8 Rxc8 28.Qxe6+  1-0

[Event "e2e4 Autumn Masters B"]
[Site "Uxbridge ENG"]
[Date "2010.08.13"]
[Round "5"]
[White "Jackson,J"]
[Black "Burrows,M"]
[Result "0-1"]
[WhiteElo "2135"]
[BlackElo "2173"]

1.e4 c5 2.Nf3 e6 3.d4 cxd4 4.Nxd4 a6 5.Nc3 Qc7 6.Bd3 b5 7.Qe2 d6 8.f4 Bb7
9.a4 b4 10.Nb1 Nd7 11.O-O Ngf6 12.Kh1 Be7 13.Nd2 O-O 14.N2f3 d5 15.e5 Ne4
16.Be3 Ndc5 17.f5 exf5 18.Nxf5 Bc8 19.Nxe7+ Qxe7 20.Bxc5 Nxc5 21.Qe3 Bd7
22.b3 Rac8 23.Rae1 a5 24.Nd4 Nxd3 25.Qxd3 Rc3 26.Qd2 Bg4 27.h3 Bh5 28.Nf5 Qc5
29.Qg5 Bg6 30.Ne7+ Kh8 31.e6 Be4 32.Rxf7 Rxh3+  0-1

[Event "14th HZ Open"]
[Site "Vlissingen NED"]
[Date "2010.08.13"]
[Round "8"]
[White "Van Eijk,S"]
[Black "Hoffmann,Micha1"]
[Result "1/2-1/2"]
[WhiteElo "2322"]
[BlackElo "2517"]

1.e4 c5 2.Nc3 e6 3.Nf3 a6 4.d4 cxd4 5.Nxd4 Qc7 6.Bd3 Nc6 7.Nxc6 dxc6 8.O-O Nf6
9.a4 e5 10.Qe2 Bd6 11.Be3 Be6 12.a5 O-O 13.Na4 Qe7 14.Bg5 h6 15.Bxf6 Qxf6
16.Bc4 Rad8 17.c3 Bb8 18.Bxe6 Qxe6 19.Qe3 f5 20.f3 Qc4 21.Nb6 Qb3 22.exf5 Rxf5
23.Ra4 Ba7 24.Rb4 Qc2 25.Qe4 Rd2 26.Qxc2 Rxc2 27.Rf2 Rxf2 28.Kxf2 e4 29.Ke2 exf3+
30.gxf3 Re5+ 31.Kf1 Rxa5 32.Nc8 Ra1+ 33.Ke2 Bc5 34.Rxb7 a5 35.Na7 Rh1 36.b4 Rxh2+
37.Kd3 axb4 38.cxb4 Bxa7 39.Rxa7 Rb2 40.Ra8+ Kh7 41.Rc8 Rxb4 42.Rxc6 Rf4
43.Ke3 g5 44.Kf2 Kg7 45.Kg3 h5 46.Ra6 h4+ 47.Kg2 Rf6 48.Ra5 Kg6 49.Rb5 Rc6
50.Rb2 Rc5 51.Ra2 Kf5 52.Rb2 Rc4 53.Ra2 Kf4 54.Rb2 Rd4 55.Kf2 Rc4 56.Ra2 Rc3
57.Ra4+ Kf5 58.Ra5+ Kg6 59.Ra2 Rd3 60.Rb2 Rd5 61.Ra2 Kf5 62.Rb2 Rc5 63.Ra2 Rc4
64.Rb2 Kf4 65.Ra2 h3 66.Rb2 Ra4 67.Rc2 h2 68.Kg2 h1=B+ 69.Kxh1 Kxf3 70.Rc3+ Kf2
71.Rc2+ Kg3 72.Rc3+ Kh4 73.Rc2 Ra1+ 74.Kg2 Ra3 75.Rb2 g4 76.Rc2 Rg3+ 77.Kh2 Rh3+
78.Kg2 Rg3+ 79.Kh2 Rd3 80.Kg2 Rd4 81.Ra2 g3 82.Rb2 Rf4 83.Ra2 Rf2+ 84.Rxf2 gxf2
85.Kxf2  1/2-1/2

[Event "FSIMA August"]
[Site "Budapest HUN"]
[Date "2010.08.14"]
[Round "8"]
[White "Lengyel,B"]
[Black "Zhao,P"]
[Result "1/2-1/2"]
[WhiteElo "2251"]
[BlackElo "2267"]

1.e4 c5 2.Nf3 e6 3.d4 cxd4 4.Nxd4 a6 5.Nc3 Qc7 6.Bd3 Nf6 7.O-O d6 8.Be3 g6
9.f4 Bg7 10.Kh1 O-O 11.Qf3 Nbd7 12.Rae1 e5 13.Nde2 exf4 14.Nxf4 Ne5 15.Qg3 Be6
16.Bd4 Rae8 17.h3 Ned7 18.Qf2 Qa5 19.a3 Qc7 20.g4 Ne5 21.g5 Nfd7 22.Ncd5 Qd8
23.Qg3 Bxd5 24.Nxd5 f6 25.gxf6 Nxf6 26.Bb6 Qd7 27.Nxf6+ Bxf6 28.Kg2 Qe7 29.Be2 Kh8
30.Qb3 Bg7 31.Be3 Nc6 32.Bd3 Be5 33.Rxf8+ Rxf8 34.Rf1 Rxf1 35.Kxf1 Qf6+ 36.Ke1 Qf3
37.Kd2 Qg2+ 38.Be2 Bd4 39.Qf7 Bxe3+ 40.Kxe3 Qxh3+ 41.Kd2 Qh6+ 42.Kd1 Qh1+  1/2-1/2

[Event "XI Miquel Mas Open"]
[Site "Figueres ESP"]
[Date "2010.08.14"]
[Round "4"]
[White "Vinardell Cruanas,S"]
[Black "Cuadras Avellana,Jo"]
[Result "0-1"]
[WhiteElo "1955"]
[BlackElo "2305"]

1.e4 c5 2.Nf3 e6 3.d4 cxd4 4.Nxd4 a6 5.Nc3 Qc7 6.Bd3 Nf6 7.O-O b5 8.Kh1 Bb7
9.Qe2 d6 10.f4 Nbd7 11.Bd2 Nc5 12.b4 Nxd3 13.cxd3 Be7 14.Rac1 Qd7 15.Nb3 O-O
16.e5 Ne8 17.Ne4 Bxe4 18.Qxe4 Rd8 19.d4 Nc7 20.Rc6 Ra8 21.Rfc1 Nd5 22.a3 Rfc8
23.R6c2 Nb6 24.exd6 Bxd6 25.Na5 Rxc2 26.Rxc2 Rc8 27.Rxc8+ Qxc8 28.Qc6 Qxc6
29.Nxc6 Nc8 30.Bc1 Kf8 31.Kg1 Ke8 32.Ne5 Bxe5 33.fxe5 Kd7 34.Kf2 Kc6 35.Ke2 Kd5
36.Kd3 h5 37.h3 f6 38.exf6 gxf6 39.h4 Nd6 40.Be3 Nf5 41.Bf2 Nh6 42.Be3 Ng4
43.Bc1 e5 44.dxe5 fxe5 45.Bg5 e4+ 46.Kc3 Ke5 47.g3 Kd5 48.Bf4 Nf6 49.Bg5 Nd7
50.Bh6 Nb6 51.Be3 Nc4 52.Bc1 Ke5 53.a4 Nb6 54.Bf4+ Kd5 55.axb5 axb5 56.Be3 Nd7
57.Bh6 Ne5 58.Bg5 Nf3 59.Bf6 Ke6 60.Bd8 Kf5 61.Bc7 Kg4 62.Bd6 Kh3 63.Kc2 Kg2
64.Kd1 Kf2 65.Bc5+ e3 66.Kc2 Ne5 67.Bd4 Nc4 68.Kd1 Kf1  0-1

[Event "XI Miquel Mas Open"]
[Site "Figueres ESP"]
[Date "2010.08.14"]
[Round "5"]
[White "Cuadras Avellana,Jo"]
[Black "Campos Moreno,J"]
[Result "1/2-1/2"]
[WhiteElo "2305"]
[BlackElo "2484"]

1.e4 c5 2.Nf3 e6 3.d4 cxd4 4.Nxd4 a6 5.Nc3 b5 6.Bd3 Bb7 7.O-O Nc6 8.Nxc6 Bxc6
9.Re1 Bc5 10.Be3 Bxe3 11.Rxe3 Ne7 12.Qg4 O-O 13.Rg3 Ng6 14.Re1 f5 15.exf5 exf5
16.Qg5 Qxg5 17.Rxg5 Nf4 18.Bf1 g6 19.Rg3 Rfe8 20.Rge3 Rxe3 21.Rxe3 Kf8 22.g3  1/2-1/2

[Event "TCh-MKD"]
[Site "Struga MKD"]
[Date "2010.08.14"]
[Round "6"]
[White "Stojanovski,D"]
[Black "Nestorovic,L"]
[Result "1-0"]
[WhiteElo "2437"]
[BlackElo "2310"]

1.e4 c5 2.Nf3 e6 3.Nc3 a6 4.d4 cxd4 5.Nxd4 d6 6.Bd3 Nf6 7.O-O Nc6 8.Nb3 Be7
9.f4 O-O 10.Qf3 Qc7 11.Bd2 Nd7 12.a3 b5 13.Rae1 Bb7 14.Qh3 b4 15.Nd5 exd5
16.exd5 Nf6 17.dxc6 Bc8 18.Qe3 Bd8 19.axb4 Qxc6 20.Na5 Qd7 21.Qf3 Rb8 22.Nc6 Bb6+
23.Be3 Bxe3+ 24.Rxe3 Rb6 25.Ne7+ Kh8 26.Bf5 Qb5 27.Nxc8 Rb8 28.Nxd6 Qxb4
29.Ne4 Nd5 30.Rb3 Qa5 31.Bh3 Rbe8 32.c4 Ne7 33.Ra3 Qb6+ 34.Qf2 Qb4 35.Qc5 Qxb2
36.Bd7 Rb8 37.Qxe7 Qd4+ 38.Nf2 Qxc4 39.Qe4 Qc7 40.Rh3 h6 41.Ba4 a5 42.Qe5 Qb6
43.Rb3  1-0

[Event "49th WJun"]
[Site "Chotowa POL"]
[Date "2010.08.15"]
[Round "12"]
[White "Ponizil,C"]
[Black "Simonian,H"]
[Result "0-1"]
[WhiteElo "2406"]
[BlackElo "2494"]

1.e4 c5 2.Nf3 e6 3.d4 cxd4 4.Nxd4 a6 5.Nc3 b5 6.Bd3 Qb6 7.Nb3 Qc7 8.Qe2 Bb7
9.O-O Be7 10.Bd2 Nf6 11.e5 Nd5 12.Rae1 Nxc3 13.Bxc3 Nc6 14.a3 h5 15.Qe3 h4
16.h3 Rh5 17.Be4 Rd8 18.Bf3 Rh6 19.Nc5 Bc8 20.b4 Kf8 21.Bd2 Rh8 22.Qc3 Kg8
23.Bf4 Na5 24.bxa5 Qxc5 25.Qxc5 Bxc5 26.a4 bxa4 27.Ra1 a3 28.Rfd1 Be7 29.Bc1 f6
30.Bxa3 Kf7 31.Bd6 fxe5 32.Bc7 Rdg8 33.Bxe5 Bf6 34.Re1 d6 35.Bxf6 gxf6 36.Reb1 Rg5
37.Rb6 Ke7 38.Ra4 Rc5 39.Rg4 f5 40.Rg7+ Kf6 41.Ra7 d5 42.Ra8 Rd8 43.Be2 Rxc2
44.Bxa6 d4 45.Rbb8 d3 46.Bxd3 Rxd3 47.Rxc8 Rd1+ 48.Kh2 Rxf2 49.Rf8+ Ke5 50.Rab8 Rff1
51.Rb5+ Kf4 52.Rb4+ Kg5 53.Rg8+ Kf6 54.Rxh4 f4 55.Rxf4+ Rxf4  0-1

[Event "Pan-Armenian Olym"]
[Site "Yerevan ARM"]
[Date "2010.08.15"]
[Round "1"]
[White "Nakhapetiane,P"]
[Black "Gevorgyan,I"]
[Result "1-0"]
[WhiteElo "2449"]
[BlackElo "2163"]

1.e4 c5 2.Nf3 e6 3.d4 cxd4 4.Nxd4 a6 5.Nc3 Qc7 6.Bd3 Nf6 7.O-O Bc5 8.Nb3 Be7
9.f4 d6 10.a4 O-O 11.Be3 Nbd7 12.a5 b5 13.axb6 Nxb6 14.Qe2 Bb7 15.Na5 Bc8
16.Kh1 Nbd7 17.Qf3 Bb7 18.Nxb7 Qxb7 19.Ra2 Nc5 20.Bxc5 dxc5 21.Rfa1 a5 22.b3 g6
23.Be2 Qc7 24.e5 Nh5 25.Nb5 Qb6 26.Na3 f6 27.Nc4 Qc7 28.Qe4 Ng7 29.Rxa5 Rxa5
30.Rxa5 fxe5 31.fxe5 Nf5 32.Ra8 Nd4 33.Rxf8+ Bxf8 34.Bg4 Qa7 35.h4 Qa1+ 36.Kh2 Qc1
37.Nd6 Qd2 38.c3 Qxc3 39.Bxe6+ Nxe6 40.Qd5 Bxd6 41.Qxe6+ Kg7 42.Qf6+ Kg8
43.Qxd6 Qxb3 44.e6 Qb4 45.Qd8+ Kg7 46.Qe7+ Kh6 47.Qg5+ Kg7 48.Qe5+ Kf8 49.Qf6+  1-0

[Event "Pan-Armenian Olym"]
[Site "Yerevan ARM"]
[Date "2010.08.16"]
[Round "2"]
[White "Proudian,Armen"]
[Black "Inants,A"]
[Result "1/2-1/2"]
[WhiteElo "2076"]
[BlackElo "2275"]

1.e4 c5 2.Nf3 e6 3.d4 cxd4 4.Nxd4 a6 5.Nc3 b5 6.Bd3 Bb7 7.O-O d6 8.a4 b4
9.Na2 Nf6 10.Re1 Be7 11.Bd2 a5 12.Bb5+ Nbd7 13.Nc6 Qc7 14.Nxe7 Kxe7 15.c3 b3
16.Nc1 Nxe4 17.Nxb3 Nxd2 18.Qxd2 Rhd8 19.Nd4 Qc5 20.Bxd7 Rxd7 21.Qf4 Qd5
22.Nf3 Qh5 23.Re3 Kf8 24.Rxe6 Bxf3 25.gxf3 Kg8 26.Re2 Qg6+ 27.Qg4 Rb7 28.Qxg6 hxg6
29.Rd1 Rab8 30.Rxd6 Rxb2 31.Rxb2 Rxb2 32.Rd5 Rb3 33.Rc5 Ra3 34.Rc8+ Kh7 35.Rc4 g5
36.Kg2 Kg6 37.Kg3 Kf5 38.Rc5+ Kf6 39.Rxa5 Rxc3 40.Rb5 Rc4 41.a5 Ra4 42.Rb6+ Kf5
43.a6 f6  1/2-1/2

[Event "44th Magistral"]
[Site "Mislata ESP"]
[Date "2010.08.17"]
[Round "3"]
[White "Cabrera,Ale"]
[Black "Galego,L"]
[Result "1-0"]
[WhiteElo "2527"]
[BlackElo "2435"]

1.e4 c5 2.Nf3 e6 3.d4 cxd4 4.Nxd4 a6 5.Nc3 Qc7 6.Bd3 Nf6 7.Qe2 Nc6 8.Nxc6 dxc6
9.f4 e5 10.O-O Bc5+ 11.Kh1 Ng4 12.f5 h5 13.h3 Qe7 14.g3 Nf6 15.Bg5 Bd7 16.Nb1 Ba7
17.Nd2 c5 18.Bc4 Qd6 19.Rad1 b5 20.Nf3 Qc7 21.Bxf6 gxf6 22.Bd5 Rd8 23.c4 Ke7
24.Kh2 Bb6 25.Rg1 Rdg8 26.Nd2 b4 27.Nf1 Be8 28.Ne3 Qb8 29.Qd3 Kf8 30.g4 hxg4
31.Nxg4 Ke7 32.Rg3 Qd6 33.Qf3 Qb8 34.Qe3 Rh5 35.Qf3 Rgh8 36.Ne3 Bc7 37.Qf2 Bb6  1-0

[Event "Pan-Armenian Olym"]
[Site "Yerevan ARM"]
[Date "2010.08.17"]
[Round "3"]
[White "Petrosian,DG"]
[Black "Ajrapetian,G"]
[Result "0-1"]
[WhiteElo "2492"]
[BlackElo "2427"]

1.e4 c5 2.Nf3 e6 3.d4 cxd4 4.Nxd4 a6 5.Nc3 b5 6.Bd3 Qb6 7.Be3 Bc5 8.Nce2 Bb7
9.O-O Qc7 10.Ng3 h5 11.Nxh5 Qe5 12.Nf5 exf5 13.Bf4 Qxb2 14.Rb1 Qxa2 15.Ra1 Qb2
16.Rb1 Qc3 17.Rb3 Qd4 18.c3 Qa4 19.Nxg7+ Kd8 20.Re1 fxe4 21.Bxe4 Bxe4 22.Qd5 Bxf2+
23.Kh1 Bxe1 24.Qd6 Bxg2+ 25.Kg1 Qxf4 26.Qxf4 Bd5 27.c4 Bxc4 28.Re3 Ne7 29.Rxe1 Rg8
30.Qf6 Nc6 31.Kf2 Be6 32.h4 Kc7 33.h5 Nd5 34.Qg5 a5 35.h6 a4 36.Qg3+ Kb6
37.Qd6 a3 38.Nxe6 fxe6 39.h7 Rgf8+ 40.Kg3 a2 41.Ra1 Rh8 42.Qxd7 Ra7 43.Qxe6 Rg7+
44.Kf2 Rf8+  0-1

[Event "XI Miquel Mas Open"]
[Site "Figueres ESP"]
[Date "2010.08.18"]
[Round "9"]
[White "Lillo Castay,V"]
[Black "Campos Moreno,J"]
[Result "0-1"]
[WhiteElo "2284"]
[BlackElo "2484"]

1.e4 c5 2.Nf3 e6 3.d4 cxd4 4.Nxd4 a6 5.Nc3 b5 6.Bd3 Ne7 7.O-O Nec6 8.Nxc6 Nxc6
9.Re1 d6 10.Bd2 Be7 11.Qh5 g6 12.Qe2 O-O 13.a4 b4 14.Na2 a5 15.c3 bxc3 16.Bxc3 Bf6
17.Rad1 Bb7 18.Bb5 Bxc3 19.Nxc3 Nb4 20.Qd2 d5 21.exd5 Bxd5 22.Bd3 Bb3  0-1

[Event "XI Miquel Mas Open"]
[Site "Figueres ESP"]
[Date "2010.08.18"]
[Round "9"]
[White "Cuadras Avellana,Jo"]
[Black "Barria Zuniga,D"]
[Result "1-0"]
[WhiteElo "2305"]
[BlackElo "2419"]

1.e4 c5 2.Nf3 e6 3.d4 cxd4 4.Nxd4 a6 5.Nc3 Qc7 6.Bd3 Ne7 7.O-O Nec6 8.Nf3 d6
9.Bf4 Be7 10.Qd2 O-O 11.Rad1 Nd7 12.Bg5 Bxg5 13.Qxg5 b5 14.Qh4 h6 15.g4 b4
16.Ne2 Bb7 17.g5 Nde5 18.Nxe5 Nxe5 19.f4 hxg5 20.Qxg5 Qc5+ 21.Kg2 Nxd3 22.cxd3 Qc2
23.Kf2 Rac8 24.Ke3 f6 25.Qa5 Qc5+ 26.Qxc5 dxc5 27.Rc1 a5 28.a3 Rfd8 29.Rfd1 Kf7
30.Rd2 f5 31.axb4 axb4 32.Ra1 Ra8 33.Rxa8 Rxa8 34.Rc2 Rc8 35.Nc1 fxe4 36.dxe4 c4
37.Ne2 e5 38.fxe5 Ke6 39.Rd2 Kxe5 40.Rd7 Ba6 41.Rd5+ Ke6 42.Ra5 Ra8 43.Nd4+ Kf7
44.Ra4 c3 45.Rxb4 cxb2 46.Rxb2 Rh8 47.Nf3 Rh5 48.h4 Ra5 49.Rb6 Ke7 50.Nd4 Ra3+
51.Kf4 Bc8 52.Nf3 Ra1 53.Rg6 Kf8 54.Rc6 Bh3 55.Ng5 Rh1 56.Rc7 g6 57.Kg3 Bf1
58.Rc1 Ke7 59.Rc7+ Kd6 60.Rg7 Bc4 61.Nf3 Be2 62.Rxg6+ Ke7 63.Rh6 Rf1 64.Nd4 Bd3
65.Rb6 Re1 66.Re6+ Kf7 67.e5 Re3+ 68.Kf2 Re4 69.Rf6+ Ke8 70.Nf3 Be2 71.Re6+ Kd7
72.Ng5 Rxh4 73.Rd6+ Ke7 74.Kxe2 Rg4 75.Rg6 Rg3 76.Kf2 Rg4 77.Kf3 Rg1 78.Kf4 Rg2
79.Rg7+ Ke8 80.Ra7 Rb2 81.Kf5 Rb1 82.Ne4 Rb5 83.Ra1  1-0

[Event "Pan-Armenian Olym"]
[Site "Yerevan ARM"]
[Date "2010.08.19"]
[Round "5"]
[White "Sevian,Samuel"]
[Black "Ambartsumova,K"]
[Result "0-1"]
[WhiteElo "2132"]
[BlackElo "2309"]

1.e4 c5 2.Nf3 e6 3.d4 cxd4 4.Nxd4 a6 5.Nc3 Qc7 6.Be2 Nc6 7.O-O Nf6 8.Kh1 Bb4
9.Qd3 Be7 10.f4 d6 11.Nxc6 bxc6 12.Qf3 O-O 13.e5 Ne8 14.Bd3 d5 15.Ne2 c5
16.c3 g6 17.Be3 Ng7 18.Qf2 Bb7 19.Ng3 a5 20.Qe2 Rfd8 21.Bd2 Qb6 22.Rab1 h5
23.Rfe1 h4 24.Nf1 h3 25.gxh3 c4 26.Bc2 Nf5 27.Bxf5 exf5 28.Ne3 d4+ 29.Ng2 d3
30.Qf1 Kg7 31.Be3 Qc6 32.Bd4 Rxd4 33.cxd4 Rd8 34.Re3 Rxd4 35.Rg3 Bh4 36.Rd1 Bxg3
37.hxg3 Re4 38.Rd2 a4 39.a3 Rd4 40.Kh2 c3 41.bxc3 Qxc3 42.Qe1 Be4 43.Qf2 Rd7
44.Ne1 Qxa3 45.Qb6 Qc3 46.Qe3 Qd4 47.Qxd4 Rxd4  0-1

[Event "Open"]
[Site "Bratto ITA"]
[Date "2010.08.21"]
[Round "2"]
[White "Bellia,F"]
[Black "Landa,K"]
[Result "0-1"]
[WhiteElo "2376"]
[BlackElo "2598"]

1.e4 c5 2.Nf3 e6 3.d4 cxd4 4.Nxd4 a6 5.Nc3 Qc7 6.Be2 b5 7.O-O Bb7 8.Re1 Nc6
9.Nxc6 dxc6 10.e5 Bb4 11.Bd3 Ne7 12.Qh5 Bxc3 13.bxc3 c5 14.c4 bxc4 15.Bxc4 Qc6
16.Qh3 Rd8 17.Bg5 Rd4 18.Bf1 Nf5 19.c3 Rd7 20.Rad1 O-O 21.Rxd7 Qxd7 22.Bd3 h6
23.Bxf5 exf5 24.Be3 Qd5 25.Qf3 Qxf3 26.gxf3 Bxf3 27.Bxc5 Rb8 28.Bb4 f4 29.Rc1 Kh7
30.a3 Rb5 31.Bd6 g5 32.c4 Rb3 33.Bb4 Kg6 34.c5 Bc6 35.f3 Kf5 36.Rc3 Rxc3
37.Bxc3 Bxf3 38.Kf2 Bc6 39.Bb2 h5 40.Bc3 g4 41.Ba5 h4  0-1

[Event "Centenary GM"]
[Site "Dun Laoghaire IRL"]
[Date "2010.08.21"]
[Round "1"]
[White "Atlas,V"]
[Black "Bischoff,K"]
[Result "0-1"]
[WhiteElo "2440"]
[BlackElo "2553"]

1.e4 c5 2.Nf3 e6 3.d4 cxd4 4.Nxd4 a6 5.Nc3 Qc7 6.g3 Bb4 7.Ne2 Nf6 8.Bg2 Be7
9.O-O O-O 10.Nf4 Nc6 11.a4 d6 12.g4 Nd7 13.g5 Re8 14.h4 Bf8 15.h5 g6 16.hxg6 hxg6
17.Ra3 Bg7 18.Nce2 b6 19.Rh3 Bb7 20.Ng3 Nce5 21.Nd3 Rac8 22.Nxe5 dxe5 23.c3 Red8
24.Qg4 Qc4 25.f4 exf4 26.Qxf4 Ne5 27.Qh4 Kf8 28.Be3 b5 29.Qf4 Kg8 30.axb5 axb5
31.Bf3 Nxf3+ 32.Qxf3 Rd7 33.Rh4 b4 34.Rf4 bxc3 35.bxc3 e5 36.Rh4 Qxc3 37.Ne2 Qb3
38.Nc1 Qa4 39.Qg4 Rc4 40.Qf3 Rxe4 41.Rxe4 Bxe4 42.Qg4 Qc2 43.Nb3 Bf5 44.Qb4 Bf8
45.Nc5 Rc7  0-1

[Event "Pan-Armenian Olym"]
[Site "Yerevan ARM"]
[Date "2010.08.21"]
[Round "7"]
[White "Proudian,Armen"]
[Black "Gevorgyan,I"]
[Result "1-0"]
[WhiteElo "2076"]
[BlackElo "2163"]

1.e4 c5 2.Nf3 e6 3.d4 cxd4 4.Nxd4 a6 5.Nc3 Qc7 6.Be2 Nf6 7.O-O Nc6 8.a4 Bb4
9.Qd3 O-O 10.Nxc6 bxc6 11.f4 d5 12.e5 Nd7 13.Nd1 a5 14.c3 Ba6 15.Qc2 Bc5+
16.Kh1 Qb6 17.Bxa6 Qxa6 18.Rf3 f6 19.exf6 Nxf6 20.Be3 Bxe3 21.Nxe3 Rab8 22.h3 c5
23.Rd1 Qb7 24.Rd2 Qb3 25.Qxb3 Rxb3 26.f5 Ne4 27.Rc2 d4 28.Nc4 Rxf5 29.Nxa5 Rb6
30.cxd4 cxd4 31.Rxf5 exf5 32.Rc8+ Kf7 33.Nc4 Ra6 34.b3 Kf6 35.Rd8 d3 36.Kh2 Nc5
37.b4 Ne6 38.Rxd3 Rxa4 39.Rb3 Nd4 40.Rb2 Nc6 41.Nb6 Ra7 42.b5 Ne5 43.Rb4 Rb7
44.Na4 Nd7 45.b6 Ke5 46.Rb5+ Kd6 47.Rxf5 Nxb6 48.Nxb6 Rxb6 49.Rf7 Ke5 50.Rxg7 h6
51.Rf7 Rg6 52.g4 Rg5 53.Kg3 Rg6 54.Kh4 Ra6 55.Kh5 Ra3 56.h4 Rg3 57.g5 hxg5
58.hxg5 Ke6 59.Rf1 Ke7 60.Kh6 Ra3 61.Kg7 Ke6 62.g6 Ra7+ 63.Kh6 Ra3 64.g7 Rh3+
65.Kg6 Rg3+ 66.Kh7 Rh3+ 67.Kg8 Ke7 68.Re1+ Kd7 69.Re4 Rh1 70.Kf7 Rf1+ 71.Kg6 Rg1+
72.Kh6 Rg2 73.Rh4  1-0

[Event "6th Prospero A Pichay Cup"]
[Site "Manila PHI"]
[Date "2010.08.22"]
[Round "2"]
[White "Saptarshi,R"]
[Black "Caturla,C"]
[Result "1-0"]
[WhiteElo "2387"]
[BlackElo "2250"]

1.e4 c5 2.Nf3 e6 3.d4 cxd4 4.Nxd4 a6 5.Nc3 Qc7 6.g3 Bb4 7.Ne2 Nf6 8.Bg2 Be7
9.O-O O-O 10.a4 Nc6 11.h3 b6 12.f4 d6 13.g4 Bb7 14.g5 Nd7 15.f5 Rfe8 16.h4 Bf8
17.Nf4 Nde5 18.f6 g6 19.h5 b5 20.hxg6 hxg6 21.Kh1 b4 22.Nce2 Rad8 23.Qe1 Na5
24.Nd4 d5 25.exd5 exd5 26.Qh4 Nac6  1-0

[Event "6th Prospero A Pichay Cup"]
[Site "Manila PHI"]
[Date "2010.08.22"]
[Round "2"]
[White "Phadke,So1"]
[Black "Pourkashiyan,A"]
[Result "0-1"]
[WhiteElo "2232"]
[BlackElo "2308"]

1.e4 c5 2.Nf3 e6 3.d4 cxd4 4.Nxd4 a6 5.Nc3 Qc7 6.Bd3 Nf6 7.O-O d6 8.Kh1 b5
9.a3 Bb7 10.f4 Nbd7 11.Qe2 g6 12.f5 gxf5 13.exf5 e5 14.Ne6 Qc6 15.Bg5 Rg8
16.Ne4 Be7 17.Bxf6 Nxf6 18.N6g5 d5 19.Nxf6+ Bxf6 20.Nxh7 Bh8 21.f6 e4 22.a4 b4
23.c4 O-O-O 24.cxd5 exd3 25.dxc6 dxe2 26.cxb7+ Kxb7 27.Rfe1 Rd2 28.Kg1 Rg6
29.Kf2 Rh6 30.Ng5 Rxf6+ 31.Nf3 Rxb2 32.Rab1 Rd6 33.Rxb2 Bxb2 34.Kxe2 Bc3
35.Rd1 Re6+ 36.Kd3 Kb6 37.Kc4 Re2 38.g3 Re4+ 39.Kb3 Re3 40.Rf1 Ka5 41.h4 Bg7+
42.Kc4 Kxa4 43.Nd4 Rc3+ 44.Kd5 Ka3 45.Rxf7 Bxd4 46.Kxd4 Rxg3 47.h5 Rg5 48.Kc4 a5
49.Ra7  0-1

[Event "Pan-Armenian Olym"]
[Site "Yerevan ARM"]
[Date "2010.08.22"]
[Round "8"]
[White "Nakhapetiane,P"]
[Black "Mirumian,V"]
[Result "1-0"]
[WhiteElo "2449"]
[BlackElo "2504"]

1.e4 c5 2.Nf3 e6 3.d4 cxd4 4.Nxd4 a6 5.Nc3 d6 6.g4 b5 7.Bg2 Bb7 8.a3 Nd7
9.O-O Ne7 10.f4 Nc6 11.Be3 Be7 12.e5 d5 13.f5 Nxd4 14.Bxd4 Bc5 15.fxe6 fxe6
16.Ne2 Qb6 17.Kh1 Bxd4 18.Nxd4 O-O-O 19.g5 h6 20.g6 h5 21.Bh3 Kb8 22.Re1 Nc5
23.c3 Qc7 24.Qe2 Rdf8 25.Rf1 Ne4 26.Bxe6 Qxe5 27.Bf7 h4 28.Qf3 Ka8 29.Rae1 Rc8
30.Qf5 Qd6 31.Qe6 Qc7 32.Rf5 Qc4 33.Qb6 Rcd8 34.Rxe4 Qa2 35.Re1 Qxb2 36.Nc6  1-0

[Event "6th Prospero A Pichay Cup"]
[Site "Manila PHI"]
[Date "2010.08.23"]
[Round "4"]
[White "Saptarshi,R"]
[Black "Laylo,D"]
[Result "0-1"]
[WhiteElo "2387"]
[BlackElo "2522"]

1.e4 c5 2.Nf3 e6 3.d4 cxd4 4.Nxd4 a6 5.Nc3 Qc7 6.g3 Nf6 7.Bg2 Nc6 8.O-O Be7
9.Nb3 O-O 10.a4 Rd8 11.Bf4 d6 12.Qe2 Ne5 13.Nd2 Bd7 14.a5 b5 15.axb6 Qxb6
16.Ra2 Bb5 17.Nxb5 axb5 18.Be3 Qc6 19.Rxa8 Rxa8 20.f4 Nc4 21.Nxc4 bxc4 22.e5 Nd5
23.exd6 Bxd6 24.Bd4 Rd8 25.Qg4 g6 26.Qe2 Bc5 27.Qf2 Bxd4 28.Qxd4 Rd7 29.Rd1 Nxf4
30.Bxc6 Rxd4 31.Rxd4 Ne2+ 32.Kf2 Nxd4 33.Ba4 f5 34.Ke3 e5 35.c3 Nb3 36.Bc6 Kg7
37.Bd5 Na5 38.h3 Kf6 39.Bg8 h6 40.Bd5 Kg5 41.Kf3 Kf6 42.Ke3 Ke7 43.Bg8 g5
44.g4 f4+ 45.Ke4 Kd6 46.Bf7 Kc5 47.Kxe5 Nb3 48.Bd5 Nd2 49.Bb7 f3 50.Kf5 Kd6
51.Kg6 Ke5 52.Kxh6 Ne4 53.Ba6 Nd6  0-1

[Event "TCh-SRB 1st League"]
[Site "Vrnjacka Banja SRB"]
[Date "2010.08.23"]
[Round "3"]
[White "Stankovic,Milo"]
[Black "Benkovic,P"]
[Result "1/2-1/2"]
[WhiteElo "2331"]
[BlackElo "2437"]

1.e4 c5 2.Nf3 e6 3.d4 cxd4 4.Nxd4 a6 5.Nc3 b5 6.Bd3 Bb7 7.Be3 d6 8.a3 Nf6
9.O-O Nbd7 10.f4 Rc8 11.Nb3 Be7 12.Qf3 O-O 13.Rae1 Nc5 14.Nxc5 dxc5 15.g4 c4
16.Be2 b4 17.axb4 Bxb4 18.Rd1 Qc7 19.Rd4 Bc5 20.Rd2 Nxg4 21.Bxc5 Qxc5+ 22.Kh1 f5
23.Qg3 Nf6 24.Bf3 fxe4 25.Bg2 Qc7 26.Qh3 Rce8 27.Re2 g6 28.Nxe4 Nh5 29.Ref2 Bxe4
30.Bxe4 Rxf4 31.Rxf4 Nxf4 32.Qc3 Rf8 33.b3 Qc5 34.bxc4 g5 35.Qg3 h6 36.Qc3 e5
37.Rd1 Re8 38.Qb3 Ne2 39.Qh3 Qb6  1/2-1/2

[Event "1st Fermo Festival"]
[Site "Porto San Giorgio ITA"]
[Date "2010.08.24"]
[Round "4"]
[White "Calandri,F"]
[Black "Mogranzini,R"]
[Result "0-1"]
[WhiteElo "2107"]
[BlackElo "2387"]

1.e4 c5 2.Nf3 e6 3.d4 cxd4 4.Nxd4 a6 5.Nc3 Qc7 6.Be2 b5 7.O-O Bb7 8.Re1 Nc6
9.Nxc6 dxc6 10.e5 Rd8 11.Bd3 c5 12.Qg4 Ne7 13.Bg5 Rd4 14.Qg3 h5 15.Bxb5+ axb5
16.Nxb5 Qc6 17.Nxd4 cxd4 18.Bxe7 Bxe7 19.Qxg7 Rh6 20.f3 Rg6 21.Qh8+ Bf8 22.Qxh5 Qxc2
23.Qh3 Bh6 24.Kh1 Bf4 25.Rad1 Rxg2 26.Qh8+ Rg8 27.Qxg8+ Ke7 28.Qd8+ Kxd8
29.Rxd4+ Ke7 30.Rxf4 Qf2  0-1